La double déchéance à la double libération. (Record no. 2328)

MARC details
000 -LEADER
fixed length control field 00664cam a22002411 4500
001 - CONTROL NUMBER
control field af 47003776
003 - CONTROL NUMBER IDENTIFIER
control field DLC
005 - DATE AND TIME OF LATEST TRANSACTION
control field 20260227110821.0
008 - FIXED-LENGTH DATA ELEMENTS--GENERAL INFORMATION
fixed length control field 810130s1946 fr b 000 0 fre
010 ## - LIBRARY OF CONGRESS CONTROL NUMBER
LC control number af 47003776
035 ## - SYSTEM CONTROL NUMBER
System control number (OCoLC)7094976
040 ## - CATALOGING SOURCE
Original cataloging agency DLC
Transcribing agency NNU
Modifying agency DLC
042 ## - AUTHENTICATION CODE
Authentication code premarc
050 00 - LIBRARY OF CONGRESS CALL NUMBER
Classification number DC397
Item number .V2
100 1# - MAIN ENTRY--PERSONAL NAME
Personal name Vaast, Emile.
245 13 - TITLE STATEMENT
Title La double déchéance à la double libération.
260 ## - PUBLICATION, DISTRIBUTION, ETC.
Place of publication, distribution, etc. Paris,
Name of publisher, distributor, etc. R. Simon
Date of publication, distribution, etc. [1946]
300 ## - PHYSICAL DESCRIPTION
Extent 192 p.
Dimensions 19 cm.
490 0# - SERIES STATEMENT
Series statement Collection littéraire
504 ## - BIBLIOGRAPHY, ETC. NOTE
Bibliography, etc. note Bibliographical foot-notes.
650 #0 - SUBJECT ADDED ENTRY--TOPICAL TERM
Topical term or geographic name entry element World War, 1939-1945
Geographic subdivision France.
650 #0 - SUBJECT ADDED ENTRY--TOPICAL TERM
Topical term or geographic name entry element Reconstruction (1939-1951)
Geographic subdivision France.

No items available.

Powered by Koha